000 00984nam a22002897a 4500
001 0074
003 DO-SdBNP
005 20251117113220.0
007 0074
008 151111b xxu||||| |||| 00| 0 spa d
040 _aBPMSU
_bspa
_cBPMSU
082 4 _a808.83
_bC965p 1992
_222
245 0 0 _aCuentos populares de aquí y de allá /
_cselección e introducción de Hernando García Mejía
264 _aColombia :
_bSusaeta Ediciones,
_c1992
300 _a178 páginas :
_c20 cm.
336 _atexto
_btxt
_2rdacontent
337 _asin mediación
_bn
_2rdamedia
338 _avolumen
_bnc
_2rdacarrier
490 0 _aInolvidables
500 _3Incluye referencias bibliográficas y notas al pie de las páginas
590 _aInventariado, 2025/VM
650 7 _aCuentos populares
_vColecciones
650 7 _a Cuentos populares
_x Estudio y enseñanza
700 1 _4García Mejía, Hernando
_eselección
910 _aVMateo V. Control de dalidad. BPMSU
942 _2ddc
_cBK
999 _c8635
_d8635